Hendrick Motorsports Nascar Drivers - Statistics

General Stats
  • This quiz has been taken 221 times
    213 since last reset
  • The average score is 14 of 23
Answer Stats
Driver % Correct
Chase Elliott
98%
Kyle Larson
98%
William Byron
97%
Alex Bowman
95%
Jeff Gordon
92%
Jimmie Johnson
92%
Dale Earnhardt Jr
88%
Kasey Kahne
78%
Terry Labonte
71%
Mark Martin
67%
Kyle Busch
66%
Geoff Bodine
57%
Casey Mears
54%
Darrell Waltrip
53%
Tim Richmond
50%
Brian Vickers
48%
Jerry Nadeau
39%
Ken Schrader
39%
Ricky Rudd
39%
Joe Nemecheck
36%
Ricky Craven
35%
Wally Dallenbach Jr
19%
Benny Parsons
17%
No matching quizzes found
Score Distribution
Percent of People with Each Score
Percentile by Number Answered
Your Score History
You have not taken this quiz since the last reset